000 00307cam a22001217a 4500
008 180718b1953 xxu||||| |||| 00| 0 eng d
082 _aD1 P884
100 _aPrakash, A.
245 _aDiplomacy
_cby A. Prakash
260 _aCoimbatore
_bThe Topical Book Company
_c1953
300 _a36p
650 _aDiplimacy
999 _c424608
_d424608